000 00531nam a22001697a 4500
005 20231117093226.0
008 231117b |||||||| |||| 00| 0 eng d
020 _a0702109843
041 _aEnglish
082 _a343.7 ARO
100 _aAronstam, P
_lEnglish
245 _aConsumer Protection, Freedom of Contract and The Law /
_cAronstam, P
260 _aCape Town :
_bJuta and Company Ltd,
_c1979
300 _bxxvi, 259 pages ;
_c26 cm.
650 _aLegal practice
_bLaw
942 _cBK
_6ALISON_BN_VRIES
999 _c757
_d757